| 000 | 04053cam a22013694i 4500 | ||
|---|---|---|---|
| 003 | PE-LiUPU | ||
| 005 | 20250813185406.0 | ||
| 008 | 160902s2015 sp a ob 00i 0 spa d | ||
| 020 | _a8491160027 | ||
| 020 | _a8491160086 | ||
| 020 | _a9788491160021 | ||
| 020 |
_a9788491160083 _q(e-book) |
||
| 035 | _a(Sirsi) i9788491160021 | ||
| 040 |
_aN9V _bspa _erda _cN9V _dPIFAG _dOCLCO _dOCLCF _dPE-LiUPU _erda |
||
| 049 | _aPRUA | ||
| 050 | 1 | 4 |
_aLB1028.5 _bR894 2016eb |
| 082 | 0 | 4 |
_a371.66 _bR92 2015 _221 |
| 082 | 0 | 4 |
_a371.334 _bR92 _223 |
| 100 | 1 |
_aRué Domingo, Joan, _eautor. |
|
| 245 | 1 | 0 |
_aEntornos de aprendizaje digitales y calidad en la educación superior / _cJoan Rué Domingo. |
| 264 | 1 |
_aBarcelona : _bEditorial UOC, _c2015. |
|
| 300 |
_a217 páginas : _bilustraciones ; _c23 centímetros. |
||
| 336 |
_atext _2rdacontent |
||
| 337 |
_aunmediated _2rdamedia |
||
| 338 |
_avolume _2rdacarrier |
||
| 490 | 0 | _aPedagogía. | |
| 504 | _aIncluye referencias bibliográficas. | ||
| 505 | 0 | _aArgumentos para repensar la calidad de los aprendizajes en educación superior -- Luces y sombras de las tecnologías digitales con respecto a los aprendizajes -- Generar entornos de aprendizaje efectivos: evidencias del caso Mahara. | |
| 526 | _aP202 | ||
| 526 | _aP201 | ||
| 526 | _aP163 | ||
| 526 | _aP162 | ||
| 526 | _aP161 | ||
| 526 | _aP160 | ||
| 526 | _aP148 | ||
| 526 | _aP147 | ||
| 526 | _aP146 | ||
| 526 | _aP145 | ||
| 526 | _aP144 | ||
| 526 | _aP143 | ||
| 526 | _aP142 | ||
| 526 | _aP141 | ||
| 526 | _aP140 | ||
| 526 | _aP139 | ||
| 526 | _aP138 | ||
| 526 | _aP137 | ||
| 526 | _aP136 | ||
| 526 | _aP135 | ||
| 526 | _aP134 | ||
| 526 | _aP133 | ||
| 526 | _aP129 | ||
| 526 | _aP128 | ||
| 526 | _aP127 | ||
| 526 | _aP120 | ||
| 526 | _aP119 | ||
| 526 | _aP118 | ||
| 526 | _aP116 | ||
| 526 | _aP115 | ||
| 526 | _aP114 | ||
| 526 | _aP110 | ||
| 526 | _aP109 | ||
| 526 | _aP108 | ||
| 526 | _aP104 | ||
| 526 | _aP103 | ||
| 526 | _aP102 | ||
| 526 | _aP99 | ||
| 526 | _aP98 | ||
| 526 | _aP97 | ||
| 526 | _aP96 | ||
| 526 | _aP95 | ||
| 526 | _aP93 | ||
| 526 | _aP90 | ||
| 526 | _aP89 | ||
| 526 | _aP88 | ||
| 526 | _aP83 | ||
| 526 | _aP82 | ||
| 526 | _aP62 | ||
| 526 | _aP59 | ||
| 526 | _aP58 | ||
| 526 | _aP57 | ||
| 526 | _aP51 | ||
| 526 | _aP49 | ||
| 526 | _aP48 | ||
| 526 | _aP47 | ||
| 526 | _aP29 | ||
| 526 | _aP24 | ||
| 526 | _aP20 | ||
| 526 | _aP19 | ||
| 526 | _aP17 | ||
| 526 | _aP15 | ||
| 526 | _aP14 | ||
| 526 | _aP12 | ||
| 526 | _aP10 | ||
| 526 | _aP09 | ||
| 526 | _aP08 | ||
| 526 | _aP07 | ||
| 526 | _aP06 | ||
| 526 | _aP05 | ||
| 526 | _aP04 | ||
| 526 | _aP01 | ||
| 541 | _g0020-0002809; | ||
| 541 | _g001-003607; | ||
| 650 | 0 | _aComputer-assisted instruction. | |
| 650 | 0 |
_aEducation, Higher _zSpain. |
|
| 650 | 0 | _aEducational technology. | |
| 650 | 0 |
_aEducación, Superior _zEspaña. |
|
| 650 | 0 | _aTecnología educativa. | |
| 910 |
_armch _btqv _crmch _d20170731 |
||
| 910 |
_adbm _bncf _cncf _d20180709 |
||
| 942 |
_2ddc _cBOOK |
||
| 949 |
_a371.66 R92 2015 _wDEWEY _c1 _iFJ08389 _lCCODEBUJ1 _mBUJ _p36.90 _r0 _sY _tBOOK _u2017-07-31 _xEDUCACION _PP20 _0COMPRA _o.STAFF. Colección General Juliaca |
||
| 994 |
_aC0 _bPEPRU |
||
| 596 | _a1 3 | ||
| 999 |
_a371.66 R92 2015 _wDEWEY _c24783 _iFJ08389 _f2022-1-18 _g3 _lCCODEBUJ1 _mBUJ _p36.90 _r0 _sY _tBOOK _u2017-7-31 _xEDUCACION _PP20 _0COMPRA _o.STAFF. Colección General Juliaca _d24783 |
||
| 999 |
_a371.334 R92 _wDEWEY _c1 _i78972 _f2021-11-8 _g4 _lCCODEBUL1 _mBUL _p38.98 _r0 _sY _tBOOK _u2018-7-9 _xEDUCACION _PP20 _0COMPRA _1FCOMPRA _o.STAFF. Colección Ciencias Humanas y Educación |
||
| 999 |
_a371.334 R92 _wDEWEY _c2 _i78973 _d2019-6-13 _e2019-6-11 _f2021-11-8 _g4 _lCCODEBUL1 _mBUL _n1 _p38.98 _r0 _sY _tBOOK _u2018-7-9 _xEDUCACION _PP20 _0COMPRA _1FCOMPRA _o.STAFF. Colección Ciencias Humanas y Educación |
||
| 980 |
_81 _gALBERTO SANCHEZ Responsable de Automatización |
||